000 01361nam a2200289 i 4500
001 155348
003 ES-MaACL
005 20250814080102.0
008 941221s1883 sp af f |||| | spa d
080 _a687
100 1 _aHernando de Pereda, Cesáreo.
_9127892
245 1 0 _aManual del sastre :
_bmétodo teórico-práctico para el corte y confección de toda clase de vestidos civiles, militares y eclesiásticos /
_cpor D. Cesáreo Hernando de Pereda.
260 _aMadrid :
_bEst. Tip. Editorial de G. Estrada,
_c1883.
300 _a2 v. (238 :
_bil. ; 199 p., [1] h. pleg. de lám.) ;
_c17 cm.
490 1 _aBiblioteca enciclopédica popular ilustrada. Sección 1ª. Artes y oficios
530 _aDisponible en formato digital.
595 _aError en fecha de impresión del t. II: 1833 (i.e. 1883)
650 4 _aSastrería.
_9155433
650 4 _aCorte y confección.
_9139229
700 1 _aEstrada, Gregorio.
_9126979
752 _aEspaña -
_dMadrid
830 1 0 _aBiblioteca enciclopédica popular ilustrada.
_pArtes y oficios
_9187687
852 _aES-MaACL
_jF-13645-46
_z- Enc. hol.
856 _uhttp://bdh-rd.bne.es/viewer.vm?id=0000167338&page=1
_zBiblioteca Digital Hispánica
856 _uhttps://bibliotecadigital.jcyl.es/es/consulta/registro.do?id=22704
_zBiblioteca Digital de Castilla y León
999 _c155348
_d155348